000 00413nam a22001577a 4500
020 _a9788120315020
082 _a512
_bMOT/DI
100 _aMott, Joe L
245 _aDiscrete mathematics for computer scientists and mathematicians
250 _a2nd ed
260 _aNew Delhi
_bPHI Learning Private Limited
_c2011
300 _a751 p
700 _aKandel, Abraham
700 _aBaker, Theodore P
942 _cBK
999 _c13772
_d13772